Analýza daňového systému Slovenskej republiky so zameraním sa na optimalizáciu daňového zaťaženia podnikateľských subjektov diplomová práca

Gespeichert in:
Bibliographische Detailangaben
1. Verfasser: Končalová, Lucia
Körperschaft: Fakulta podnikového manažmentu EU. Katedra podnikových financií
Weitere Verfasser: Vavrová, Katarína, 1960-
Format: Buch
Sprache:Slowakisch
Veröffentlicht: Bratislava 2017
Tags: Tag hinzufügen
Keine Tags, Fügen Sie das erste Tag hinzu!

MARC

LEADER 00000nbm a2200000 4500
001 0232220
005 20171018102116.1
041 0 |a slo 
044 |a SK 
245 1 0 |a Analýza daňového systému Slovenskej republiky so zameraním sa na optimalizáciu daňového zaťaženia podnikateľských subjektov  |b diplomová práca  |c Lucia Končalová ; školiteľ: Katarína Vavrová 
264 1 |a Bratislava  |c 2017 
300 |a 65 s. 
100 1 |a Končalová, Lucia 
700 1 |a Vavrová, Katarína, 1960- 
710 2 |a Fakulta podnikového manažmentu EU. Katedra podnikových financií